000 00984nam a22003017a 4500
003 CHAP
005 20220329135439.0
008 971013s1984 r 00010 d
010 _a36652
011 _a37624
035 _a41744
040 _cCHAP
082 _a631.455
_bM46
110 _aMéxico. Dirección General de Conservación del Suelo y Agua
_976965
245 _aInventario de áreas erosionadas estado de Aguascalientes
260 _aMéxico, D.F. :
_bLa Dirección,
_c(1984?)
300 _a74 p.
_b; mapas
590 _aBATCH-UPD
_b10
_c20130109
_lUCH01
_h2357
590 _aBATCH-UPD
_b10
_c20130110
_lUCH01
_h2219
590 _aBATCH-UPD
_b10
_c20130410
_lUCH01
_h1518
590 _aBATCH-UPD
_b10
_c20130914
_lUCH01
_h1316
590 _aCONVERSION
_b10
_c20130109
_lUCH01
_h1320
650 1 4 _aErosión.
_937335
650 1 4 _aSuelos
_xAguascalientes.
_9110197
901 _aBK
942 _cLIBRO
949 _a631.455 M46
_bBC
_cLIBRO
_d33724000075693
_eLIBRO
_h64803
_i41744
_si
999 _c36652
_d36652